书目信息 |
| 题名: |
空调与给水排水入门
|
|
| 作者: | ;蒋芳婧 译 ;空气调和与卫生工学会 编 | |
| 分册: | ||
| 出版信息: | 北京 中国建筑工业出版社 2022.04 |
|
| 页数: | 171页 | |
| 开本: | 19cm | |
| 丛书名: | 图解建筑知识问答系列 | |
| 单 册: | ||
| 中图分类: | TU831.3-64 , TU991-64 | |
| 科图分类: | ||
| 主题词: | 空气调节系统--kong qi diao jie xi tong--图解 , 给排水系统--gei pai shui xi tong--图解 | |
| 电子资源: | ||
| ISBN: | 978-7-112-27001-9 | |
| 000 | 01301nam 2200289 450 | |
| 001 | 27474 | |
| 005 | 20220921145136.54 | |
| 010 | @a978-7-112-27001-9@dCNY35.00 | |
| 100 | @a20220607d2022 em y0chiy50 ea | |
| 101 | 1 | @achi@cjpn |
| 102 | @aCN@b110000 | |
| 105 | @aa z 000yy | |
| 200 | 1 | @a空调与给水排水入门@Akong tiao yu gei shui pai shui ru men@f(日) 空气调和与卫生工学会编@g蒋芳婧 ... [等] 译 |
| 210 | @a北京@c中国建筑工业出版社@d2022.04 | |
| 215 | @a171页@c图@d19cm | |
| 225 | 2 | @a图解建筑知识问答系列@Atu jie jian zhu zhi shi wen da xi lie |
| 306 | @a由日本欧姆社授权出版 | |
| 330 | @a为了理解空调设备和给水排水设备, 掌握水和空气的基础知识是必不可少的, 因此本书就与水相关的知识理论, 记述了水与卫生、水的使用方法、美味好喝的水、水道与下水道、军团病等知识。就与空气相关的知识, 本书记述了空气的性质、空调负荷、给气与换气、人的冷热感觉与舒适空调、室内空气质量等知识理论。 | |
| 410 | 0 | @12001 @a图解建筑知识问答系列 |
| 606 | 0 | @a空气调节系统@Akong qi diao jie xi tong@j图解 |
| 606 | 0 | @a给排水系统@Agei pai shui xi tong@j图解 |
| 690 | @aTU831.3-64@v5 | |
| 690 | @aTU991-64@v5 | |
| 702 | 0 | @a蒋芳婧@Ajiang fang jing@4译 |
| 711 | 02 | @a空气调和与卫生工学会@Akong qi diao he yu wei sheng gong xue hui@4编 |
| 801 | 0 | @aCN@c20220910 |
| 905 | @a河南城建学院图书馆@dTU831.3-64@eJ560@f2 | |
| 空调与给水排水入门/(日) 空气调和与卫生工学会编/蒋芳婧 ... [等] 译.-北京:中国建筑工业出版社,2022.04 |
| 171页:图;19cm.-(图解建筑知识问答系列) |
| ISBN 978-7-112-27001-9:CNY35.00 |
| 为了理解空调设备和给水排水设备, 掌握水和空气的基础知识是必不可少的, 因此本书就与水相关的知识理论, 记述了水与卫生、水的使用方法、美味好喝的水、水道与下水道、军团病等知识。就与空气相关的知识, 本书记述了空气的性质、空调负荷、给气与换气、人的冷热感觉与舒适空调、室内空气质量等知识理论。 |
| ● |
| 相关链接 |
|
|
|
正题名:空调与给水排水入门
索取号:TU831.3-64/J560
 
预约/预借
| 序号 | 登录号 | 条形码 | 馆藏地/架位号 | 状态 | 备注 |
| 1 | 1579605 | 215796057 | 建筑库201/201建筑库 82排2列5层/ [索取号:TU831.3-64/J560] | 在馆 | |
| 2 | 1579606 | 215796066 | 建筑库201/201建筑库 82排2列5层/ [索取号:TU831.3-64/J560] | 在馆 |